| 000 | 02025cam a22005174i 4500 | ||
|---|---|---|---|
| 003 | PE-LiUPU | ||
| 005 | 20250731173006.0 | ||
| 008 | 150623s r 000 0 d | ||
| 020 | _a0828013284 | ||
| 035 | _a(Sirsi) i9780828013284 | ||
| 040 |
_aPE-LiUPU _bspa _cPE-LiUPU _erda |
||
| 049 | _aPRUA | ||
| 050 | 0 | 0 |
_aBS651 _b.R77 1998 |
| 082 | 0 | 4 |
_a215 _bR85 _221 |
| 082 | 0 | 4 |
_a213 _bR85 _221 |
| 100 | 1 |
_aRoth, Ariel A., _eautor. |
|
| 245 | 1 | 0 |
_aOrigins : _blinking science and scripture / _cAriel A. Roth. |
| 264 | 1 |
_aHagerstown, MD : _bReview and Herald Publishing Association, _c1998. |
|
| 300 |
_a384 páginas : _bilustraciones, gráficos, fotos ; _c25 centímetros |
||
| 336 |
_atext _2rdacontent |
||
| 337 |
_aunmediated _2rdamedia |
||
| 338 |
_avolume _2rdacarrier |
||
| 504 | _aIncluye bibliografía. | ||
| 505 | 0 | _aThe questions. -Living organisms. -The fossils. -he rocks. -An evaluation of science and scripture. -Some conclusions. | |
| 526 | _aSEG42 | ||
| 526 | _aSEG41 | ||
| 526 | _aSEG40 | ||
| 526 | _aSEG39 | ||
| 526 | _aP94 | ||
| 526 | _aP87 | ||
| 526 | _aP86 | ||
| 526 | _aP85 | ||
| 526 | _aP77 | ||
| 526 | _aP76 | ||
| 526 | _aP35 | ||
| 541 | _g10606; | ||
| 650 | 0 | 4 | _aReligión y ciencia. |
| 942 |
_2ddc _cBOOK |
||
| 949 |
_a215 R85 _wDEWEY _c1 _i59453 _lCIA _mBWL _p30.00 _r1 _sY _tBOOK _u2015-6-24 _xWHITE _zUNKNOWN _0COMPRA _o.STAFF. Colección General |
||
| 949 |
_a215 R85 _wDEWEY _c2 _i45747 _f2017-2-13 _g1 _lCCODEBUL1 _mBUL _r0 _sY _tBOOK _u2015-6-24 _xTEOLOGIA _PP35 _0COMPRA _o.STAFF. Colección General |
||
| 994 |
_aC0 _bPEPRU |
||
| 596 | _a1 4 | ||
| 999 |
_a215 R85 _wDEWEY _c22615 _i45747 _d22615 _f2021-11-9 _g5 _lCCODEBUL1 _mBUL _q4 _r0 _sY _tBOOK _u2015-6-24 _xTEOLOGIA _PP35 _0COMPRA _o.STAFF. Colección General |
||
| 999 |
_a213 R85 1998 _wDEWEY _c1 _iCW59453 _f2021-12-22 _g2 _lCCODECWL1 _mBWL _p30.00 _r1 _sY _tBOOK _u2015-6-24 _xWHITE _zUNKNOWN _0COMPRA _o.STAFF. Centro White |
||
| 980 |
_81 _gALBERTO SANCHEZ Responsable de Automatización |
||